00979nam a22002897a 450000500170000000800410001704000070005804100120006508200210007710000270009824500510012526000390017630000290021565000250024465000250026965000300029465000230032465000320034765000270037965000280040665000350043470000290046970000270049894200120052599900190053795201330055620221228145230.0221228b ||||| |||| 00| 0 eng d cAL aEnglish 223a302.54bREDM aRagnar Redbeard967848 aMight is Right: Or The Survival of the Fittest aAmericabFourteen Word Pressc1999 axx,185 p.bPBc23x15 cm. aIndividualism967849 aSocial ethics967850 aPower (Philosophy)967851 aNatural law967852 aWar and civilization967853 aWar and society967854 aChristian ethics967855 aPhilosophy and religion967856 aREDBEARD (Ragnar)967857 aLANE (Katja) Ed967858 2ddccDB c226106d226106 00102ddc40708SOCaALbALd2014-11-29l0o302.54 REDMpD05343r2022-12-28 00:00:00w2022-12-28yDBzDonated by V.T. Rajshekar